Туристические и курортные богатства Советской Армении / (Record no. 445117)
[ view plain ]
| 000 -LEADER | |
|---|---|
| fixed length control field | 00848nam a2200205 a 4500 |
| 003 - CONTROL NUMBER IDENTIFIER | |
| control field | AM-YeHGA |
| 040 ## - CATALOGING SOURCE | |
| Original cataloging agency | AM-YeHGA |
| 090 ## - LOCALLY ASSIGNED LC-TYPE CALL NUMBER (OCLC); LOCAL CALL NUMBER (RLIN) | |
| -- | 447957 |
| 005 - DATE AND TIME OF LATEST TRANSACTION | |
| control field | 20250617160051.0 |
| 008 - FIXED-LENGTH DATA ELEMENTS--GENERAL INFORMATION | |
| fixed length control field | 131025s1937 ru r 000 0 rus d |
| 041 0# - LANGUAGE CODE | |
| Language code of text/sound track or separate title | rus |
| 100 1# - MAIN ENTRY--PERSONAL NAME | |
| Personal name | Дик, Владимир Гаврилович |
| 245 10 - TITLE STATEMENT | |
| Title | Туристические и курортные богатства Советской Армении / |
| Statement of responsibility, etc. | В. Г. Дик; С предисл. В. А. Александрова; Под ред. А. А. Акопяна |
| 260 ## - PUBLICATION, DISTRIBUTION, ETC. | |
| Place of publication, distribution, etc. | Ереван: |
| Name of publisher, distributor, etc. | б.и.,, |
| Date of publication, distribution, etc. | 1937. |
| 300 ## - PHYSICAL DESCRIPTION | |
| Extent | 93 с. |
| 653 0# - INDEX TERM--UNCONTROLLED | |
| Uncontrolled term | Туристические и курортные места - Армянская ССР |
| 700 1# - ADDED ENTRY--PERSONAL NAME | |
| Personal name | Акопян, А А |
| Relator term | ред. |
| Relationship | edt |
| 700 1# - ADDED ENTRY--PERSONAL NAME | |
| Personal name | Александров, В. А. |
| Relator term | авт. предисл. |
| Relationship | aui |
| 942 ## - ADDED ENTRY ELEMENTS (KOHA) | |
| Source of classification or shelving scheme | Universal Decimal Classification |
| Koha item type | Գրքեր / Books |
| Withdrawn status | Lost status | Source of classification or shelving scheme | Damaged status | Not for loan | Collection | Home library | Current library | Date acquired | Total checkouts | Full call number | Barcode | Date last seen | Price effective from | Koha item type | Public note |
|---|---|---|---|---|---|---|---|---|---|---|---|---|---|---|---|
| Universal Decimal Classification | General | Fundamental Scientific Library | Fundamental Scientific Library | 08/01/2020 | РII/29879 | FL0616510 | 08/01/2020 | 08/01/2020 | Գրքեր / Books | 30 Days Loan |
ՀՀ Գիտությունների ազգային ակադեմիայի հիմնարար գիտական գրադարան = Fundamental Scientific Library of NAS RA
All site content, except where otherwise noted, is licensed under a